| 000 | 00569nam a2200157 4500 | ||
|---|---|---|---|
| 999 |
_c17123 _d17123 |
||
| 008 | 220607b ||||| |||| 00| 0 eng d | ||
| 022 | _a0732-8435 | ||
| 082 | _aDPer 657.05 C33 Jan - Apr 2011, v. 81 n 1 - 4 | ||
| 100 |
_aReilly, Robert F. _943000 |
||
| 245 |
_aTax considerations of closely held corporation equity-based compensation/ _cRobert F. Reilly. |
||
| 260 |
_aNew York: _bThe New York State Society of CPA, _c2011. |
||
| 300 |
_aV81 n1, pages 32-35: _billustrations; _c28 cm. |
||
| 500 | _aThe CPA Journal. | ||
| 650 |
_aTaxation. _945498 |
||
| 942 |
_2ddc _cPER |
||